|
|
|
|
| LEADER |
00000nbm0a2200000 4500 |
| 001 |
149930 |
| 005 |
20231101221444.0 |
| 035 |
|
|
|a (RuTPU)RU\TPU\book\162541
|
| 035 |
|
|
|a RU\TPU\book\162540
|
| 090 |
|
|
|a 149930
|
| 100 |
|
|
|a 20081224j20090204k y0rusy50 ca
|
| 101 |
0 |
|
|a rus
|
| 102 |
|
|
|a RU
|
| 105 |
|
|
|a a m 001zy
|
| 200 |
1 |
|
|a Биоминералогия мочевых, желчных, зубных и слюнных камней из организма человека
|e диссертация на соискание ученой степени доктора геолого-минералогических наук
|e спец. 25.00.05
|f О. А. Голованова
|g Санкт-Петербургский государственный университет (СПбГУ), Кафедра кристаллографии ; Омский государственный университет им. Ф. М. Достоевского (ОмГУ), Кафедра неорганической химии ; науч. конс. О. В. Франк-Каменецкая
|
| 210 |
|
|
|a СПб.
|c [Б. и.]
|d 2008
|
| 215 |
|
|
|a 333 л.
|c ил.
|
| 229 |
|
|
|a Защищена 4.02.2009 г.
|
| 320 |
|
|
|a Библиогр.: с. 300-333 (460 назв.).
|
| 606 |
1 |
|
|a Биоминералогия
|2 stltpush
|3 (RuTPU)RU\TPU\subj\28727
|9 52228
|
| 610 |
1 |
|
|a камнеобразующие среды
|
| 610 |
1 |
|
|a изучение
|
| 610 |
1 |
|
|a биологические жидкости
|
| 610 |
1 |
|
|a фазообразование
|
| 610 |
1 |
|
|a моделирование
|
| 610 |
1 |
|
|a уролиты
|
| 610 |
1 |
|
|a зубные камни
|
| 610 |
1 |
|
|a слюнные камни
|
| 610 |
1 |
|
|a организм человека
|
| 610 |
1 |
|
|a живые организмы
|
| 610 |
1 |
|
|a минералы
|
| 610 |
1 |
|
|a аналоги
|
| 610 |
1 |
|
|a кристаллизация
|
| 610 |
1 |
|
|a кинетика
|
| 610 |
1 |
|
|a желчные камни
|
| 610 |
1 |
|
|a органо-минеральные агрегаты
|
| 610 |
1 |
|
|a характеристика
|
| 610 |
1 |
|
|a патогенное камнеобразование
|
| 610 |
1 |
|
|a диссертации
|
| 675 |
|
|
|a 549.8(04)
|v 3
|
| 675 |
|
|
|a 616(04)
|v 3
|
| 686 |
|
|
|a 25.00.05
|2 oksvnk
|
| 700 |
|
1 |
|a Голованова
|b О. А.
|g Ольга Александровна
|
| 702 |
|
1 |
|a Франк-Каменецкая
|b О. В.
|4 695
|
| 712 |
0 |
2 |
|a Санкт-Петербургский государственный университет (СПбГУ)
|b Кафедра кристаллографии
|c (1991- )
|2 stltpush
|3 (RuTPU)RU\TPU\col\62
|
| 712 |
0 |
2 |
|a Омский государственный университет им. Ф. М. Достоевского (ОмГУ)
|b Кафедра неорганической химии
|2 stltpush
|3 (RuTPU)RU\TPU\col\403
|
| 801 |
|
1 |
|a RU
|b 63413507
|c 20081224
|g PSBO
|
| 801 |
|
2 |
|a RU
|b 63413507
|c 20140905
|g PSBO
|
| 942 |
|
|
|c BK
|